| 000 | 00433nam a22001577a 4500 | ||
|---|---|---|---|
| 003 | OSt | ||
| 005 | 20251208123509.0 | ||
| 008 | 251208b |||||||| |||| 00| 0 eng d | ||
| 020 | _a0590489097 | ||
| 040 | _cSCHOLASTIC INC, | ||
| 050 |
_aE 807 .F74 1994 _b .F74 1994 |
||
| 245 |
_aELEANOR ROOSEVELT: _bA LIFE OF DISCOVERY/ _cFREEDMAN RUSSELL |
||
| 250 | _a1ST EDITION | ||
| 260 |
_aNEW YORK: _bSCHOLASTIC INC, _c1994 |
||
| 942 |
_2lcc _cBK _n0 |
||
| 999 |
_c9892 _d9892 |
||